Marvel Comics: Members of the Chronos Corps by Picture - Statistics

General Stats
  • This quiz has been taken 23 times
  • The average score is 5 of 9
Answer Stats
Picture Hint Answer % Correct
Earth-928 Doom 2099
93%
Earth-8410 Iron Man 2020
93%
Earth-6311 Kang the Conqueror
93%
Earth-13133 Thor
93%
Earth-11045 Abomination Deathlok
33%
Earth-13044 Ahab
20%
Earth-9997 Venom
20%
Earth-12928 Magistrate Braddock
13%
Earth-4935 Stryfe
13%
No matching quizzes found
Score Distribution
Percent of People with Each Score
Percentile by Number Answered
Your Score History
You have not taken this quiz